00799nab a2200229 uc450000100070000000500170000700800410002403500110006503500210007604000130009704100080011010000380011824501050015665000310026165000410029265000280033365000280036165000370038977301140042694200100054099900190055069782220240201164512.0011008e19970501 spa  a697822 a(OCoLC)819918780 ccomduadb aspa10aTorretta, Oscar4auteaut934237110aEnfermedad de chagas en una poblacion indigena de Minas de Gerais, Brasil : un problemad biocultural aIndigenas de Brasil937068 7aAntropología médica2lemb941899 aSalud indígena939670 aTrypanosoma cruzi99910 aSalud - Aspectos sociales9394190 tEstudios de Antropología Biológica (México)gVol. 06, May. 1997, p. 343 -348w690677x1405-50660216497 cARIMP c216599d216599